MCFO 2 - Statistiques

Statistiques générales
  • Ce quiz a été pris 38 fois
  • Le résultat moyen est 7 sur 26
Statistiques - réponses
Evènement Date % Correct
Fusion des deux processus palatins S9
75%
Apparition Sillon intermaxillaire, aire triangulaire, sillon lacrymo-nasal Fin S5
50%
Sinus ethmoïdaux M5
50%
Formation des processus palatins S6
50%
Choanes primitifs S7
50%
Horizontalisation des processus palatins S7
50%
Fréquence fentes labiales / becs de lièvre 1/900
25%
Cavité buccale avec un aspect de fente élargie Début M2
25%
Face centrée sur le stomodéum Fin M1
25%
Apparition des placodes olfactives Fin S4 - début S5
25%
Placodes nasales => Cupules nasales => Gouttières nasales Fin S5
25%
Fusion des BMD, BMX/BMD, BNI/BNE, BNI/BMX, BNI/BNI Fin S6 - Début S7
25%
Sillon lacrymo nasal => Canal lacrymo nasal + sac lacrymal Fin S6 - Début S7
25%
Sinus maxillaire M3
25%
Formation de la face au niveau de l'extrémité céphalique S4-S10
25%
Apparition des ébauches sensorielles = placodes neurogènes sensorielles S5
25%
Fusion des puits nasaux et formation de la cavité nasale primitive S6
25%
Formation de la membrane bucco-nasale S6
25%
Cloison nasale S6
25%
Fréquence fentes palatines 1/2500
0%
Apparition BNI et BNE Fin S5
0%
Disparition de la membrane oropharyngée J26-J28
0%
Cavité buccale délimitée par la fusion des BMX et BMD M2
0%
Rupture de la membrane bucco-nasale + palais primaire S7
0%
Cornets nasaux S8
0%
Processus palatins en contact avec le palais primaire et le septum nasal S8
0%
Aucun quiz correspondant
Distribution des résultats
% des personnes avec chaque résultat
Percentile par nombre de réponses
Votre historique - résultats
Vous n’avez pas pris ce quiz